Xứ Ròn - Di Luân thời gian và lịch sử Địa chí ký sự

Tallennettuna:
Bibliografiset tiedot
Päätekijä: Thái Vũ
Aineistotyyppi: Kirja
Kieli:Undetermined
Julkaistu: Tp. HCM. Nxb. Tp. HCM. 1999
Aiheet:
Tagit: Lisää tagi
Ei tageja, Lisää ensimmäinen tagi!
Thư viện lưu trữ: Trung tâm Học liệu Trường Đại học Cần Thơ
LEADER 00547nam a2200181Ia 4500
001 CTU_46265
008 210402s9999 xx 000 0 und d
082 |a 915.97 
082 |b V500 
100 |a Thái Vũ 
245 0 |a Xứ Ròn - Di Luân thời gian và lịch sử 
245 0 |b Địa chí ký sự 
245 0 |c Thái Vũ, Trần Đình Hiếu 
260 |a Tp. HCM. 
260 |b Nxb. Tp. HCM. 
260 |c 1999 
650 |a hue - description and travel 
980 |a Trung tâm Học liệu Trường Đại học Cần Thơ